Alternatívne spôsoby financovania verejných statkov a služieb.

Princípy financovania verejných statkov a služieb: 1. samofinancovanie zo strany obyvateľov, 2. financovanie na báze povinného poistenia, 3. z prostriedkov štátneho rozpočtu. Odvetvia, financované z celospoločenských prostriedkov. Opätovné zriadenie fondu sociálneho poistenia v ČSFR (zrušený r. 1953...

ver descrição completa

Na minha lista:
Detalhes bibliográficos
Autor principal: Sobek, Otto
Formato: Capítulo de Livro
Idioma:eslovaco
Assuntos:
Tags: Adicionar Tag
Sem tags, seja o primeiro a adicionar uma tag!

MARC

LEADER 00000naa a2200000 4500
001 r007610
005 20220831080248.1
041 0 |a slo 
044 |a [CS] 
245 1 0 |a Alternatívne spôsoby financovania verejných statkov a služieb.  |c Otto Sobek 
520 |a Princípy financovania verejných statkov a služieb: 1. samofinancovanie zo strany obyvateľov, 2. financovanie na báze povinného poistenia, 3. z prostriedkov štátneho rozpočtu. Odvetvia, financované z celospoločenských prostriedkov. Opätovné zriadenie fondu sociálneho poistenia v ČSFR (zrušený r. 1953). 
610 2 0 |a financovanie 
610 2 0 |a samofinancovanie 
610 2 0 |a statky verejné 
610 2 0 |a služby 
610 2 0 |a poistenie sociálne 
610 2 0 |a rozpočet štátny 
610 2 0 |a ČSFR 
100 1 |a Sobek, Otto